00276nam a2200121Ia 4500003000400000005001700004008004100021020001900062040002000081100001400101245003000115260000900145OSt20240226115450.0170524s9999 xx 000 0 und d a978-8190804080 cIIMT UNIVERSITY aPal Karam 0aFoundations of Management aVayu